Solve the problems in short cut Methods (Record no. 216119)

MARC details
000 -LEADER
fixed length control field 00471nam a2200193Ia 4500
008 - FIXED-LENGTH DATA ELEMENTS--GENERAL INFORMATION
fixed length control field 240823s9999||||xx |||||||||||||| ||und||
020 ## - INTERNATIONAL STANDARD BOOK NUMBER
International Standard Book Number 81-7254-034-5
082 ## - DEWEY DECIMAL CLASSIFICATION NUMBER
-- 519 Q2
100 ## - MAIN ENTRY--PERSONAL NAME
Personal name Krishnan B N R
245 #0 - TITLE STATEMENT
Title Solve the problems in short cut Methods
250 ## - EDITION STATEMENT
Edition statement 1st
260 ## - PUBLICATION, DISTRIBUTION, ETC. (IMPRINT)
Date of publication, distribution, etc 2012
Name of publisher, distributor, etc Sura College Compet
500 ## - GENERAL NOTE
General note YES
650 ## - SUBJECT ADDED ENTRY--TOPICAL TERM
Topical term or geographic name as entry element Solve the Problems
942 ## - ADDED ENTRY ELEMENTS (KOHA)
Item type Books
Holdings
Withdrawn status Lost status Damaged status Permanent location Current location Date acquired Source of acquisition Cost, normal purchase price Full call number Barcode Date last seen Koha item type
      CENTRAL LIBRARY, NOORUL ISLAM CENTRE FOR HIGHER EDUCATION CENTRAL LIBRARY, NOORUL ISLAM CENTRE FOR HIGHER EDUCATION 09/14/2013 Sura Books 40.00 519 Q2 65769 08/23/2024 Books
Visitors:
Copyright © 2024 Central Library NICHE.  All rights reserved.